|
|
|
|
| LEADER |
02308nam a2200601 a 4500 |
| 001 |
nkc20102125216 |
| 003 |
CZ PrNK |
| 005 |
20251219133017.0 |
| 007 |
ta |
| 008 |
100909s2010 xr a f 100 0 cze |
| 015 |
|
|
|a cnb002125216
|
| 020 |
|
|
|a 978-80-213-2098-7
|q (brož.) :
|c Kč 180,00
|
| 035 |
|
|
|a (OCoLC)693928454
|
| 040 |
|
|
|a BOA001
|b cze
|
| 041 |
0 |
|
|a cze
|a slo
|b eng
|
| 043 |
|
|
|a e-xr---
|
| 072 |
|
7 |
|a 630
|x Lesnictví
|2 Konspekt
|9 24
|
| 080 |
|
|
|a 630.228
|2 MRF
|
| 080 |
|
|
|a 630.1
|2 MRF
|
| 080 |
|
|
|a 630.56
|2 MRF
|
| 080 |
|
|
|a 581.526.42
|2 MRF
|
| 080 |
|
|
|a 582.622.2
|2 MRF
|
| 080 |
|
|
|a (437.3)
|2 MRF
|
| 080 |
|
|
|a (062.534)
|2 MRF
|
| 111 |
2 |
|
|a Bříza - strom roku 2010 (konference)
|d (2010 :
|c Kostelec nad Černými lesy, Česko)
|7 mzk2010602910
|
| 245 |
1 |
0 |
|a Bříza - strom roku 2010 =
|b Birch - Tree of the Year 2010 : sborník z konference : Kostelec nad Černými lesy 23. září 2010 /
|c [editor Hana Prknová]
|
| 246 |
3 |
1 |
|a Birch - Tree of the Year 2010
|
| 250 |
|
|
|a Vyd. 1.
|
| 260 |
|
|
|a V Praze :
|b Česká zemědělská univerzita,
|c 2010
|
| 300 |
|
|
|a 117 s. :
|b il. ;
|c 29 cm
|
| 500 |
|
|
|a Nad názvem: Česká zemědělská univerzita v Praze, Fakulta lesnická a dřevařská, katedra pěstování lesů
|
| 500 |
|
|
|a 60 výt.
|
| 504 |
|
|
|a Obsahuje bibliografie
|
| 546 |
|
|
|a Část. slovenský text, anglická resumé
|
| 650 |
0 |
7 |
|a lesní porosty
|7 ph115116
|z Česko
|2 czenas
|
| 650 |
0 |
7 |
|a typologie lesa
|7 ph162499
|2 czenas
|
| 650 |
0 |
7 |
|a růst lesních stromů
|7 ph135511
|2 czenas
|
| 650 |
0 |
7 |
|a lesní ekosystémy
|7 ph115113
|2 czenas
|
| 650 |
0 |
7 |
|a bříza
|7 ph203157
|2 czenas
|
| 650 |
0 |
9 |
|a forest stands
|z Czechia
|2 eczenas
|
| 650 |
0 |
9 |
|a forest typology
|2 eczenas
|
| 650 |
0 |
9 |
|a forest trees growth
|2 eczenas
|
| 650 |
0 |
9 |
|a forest ecosystems
|2 eczenas
|
| 650 |
0 |
9 |
|a birch
|2 eczenas
|
| 655 |
|
7 |
|a sborníky konferencí
|7 fd133333
|2 czenas
|
| 655 |
|
9 |
|a proceedings of conferences
|2 eczenas
|
| 700 |
1 |
|
|a Prknová, Hana,
|d 1978-
|7 mzk2007401168
|4 edt
|
| 710 |
2 |
|
|a Česká zemědělská univerzita v Praze.
|b Katedra pěstování lesů
|7 olak2009488547
|
| 910 |
2 |
|
|a BOA001
|b 4-1251.131
|
| 990 |
|
|
|a BK
|
| 995 |
|
|
|a 01
|
| 991 |
|
|
|b 201010
|c NOV
|j 630 BŘÍ
|e n
|
| 996 |
6 |
|
|b 2610449368
|c 4-1251.131
|l MZK
|r Sklad / do 1 hodiny
|n 1
|p p.v.
|w 001149131
|u 000010
|a 1
|e BOA001
|j MZK50
|s P
|